Online
Catalog

El matadero / (Record no. 22937)

MARC details
000 -CABECERA
campo de control de longitud fija 00811nam a2200253 a 4500
001 - NÚMERO DE CONTROL
campo de control 000023441
005 - FECHA Y HORA DE LA ÚLTIMA TRANSACCIÓN
campo de control 20200930022224.0
008 - DATOS DE LONGITUD FIJA--INFORMACIÓN GENERAL
campo de control de longitud fija 101207s1990 ck a r 000 | spa d
020 ## - NÚMERO INTERNACIONAL ESTÁNDAR DEL LIBRO
Número Internacional Estándar del Libro 9580409781
040 ## - FUENTE DE LA CATALOGACIÓN
Centro catalogador/agencia de origen DO-SdBNP
Lengua de catalogación spa
Centro/agencia transcriptor BNPHU
082 ## - NÚMERO DE LA CLASIFICACIÓN DECIMAL DEWEY
Número de clasificación A863.2
Número de documento/Ítem E18m
049 ## - FONDOS LOCALES (OCLC)
Fondos de biblioteca BNGR
100 10 - ENTRADA PRINCIPAL--NOMBRE DE PERSONA
Nombre de persona Echeverría, Esteban,
Fechas asociadas al nombre 1805-1851
9 (RLIN) 24745
245 13 - MENCIÓN DE TÍTULO
Título El matadero /
Mención de responsabilidad, etc. Esteban Echeverría ; edición Iván Hernández.
246 12 - FORMA VARIANTE DE TÍTULO
Texto de visualización A propósito de Esteban Echeverría y el matadero
260 ## - PUBLICACIÓN, DISTRIBUCIÓN, ETC.
Lugar de publicación, distribución, etc. Barcelona ;
-- Miami :
Nombre del editor, distribuidor, etc. Norma,
Fecha de publicación, distribución, etc. 1990.
300 ## - DESCRIPCIÓN FÍSICA
Extensión 32, 69 p. :
Otras características físicas il. ;
Dimensiones 19 cm.
490 1# - MENCIÓN DE SERIE
Mención de serie Cara y Cruz
500 ## - NOTA GENERAL
Nota general Incluye nota al pie de página
650 #4 - PUNTO DE ACCESO ADICIONAL DE MATERIA--TÉRMINO DE MATERIA
Término de materia o nombre geográfico como elemento de entrada Cuentos argentinos
9 (RLIN) 3752
650 #4 - PUNTO DE ACCESO ADICIONAL DE MATERIA--TÉRMINO DE MATERIA
Término de materia o nombre geográfico como elemento de entrada Literatura argentina
9 (RLIN) 3860
700 1# - PUNTO DE ACCESO ADICIONAL--NOMBRE DE PERSONA
Nombre de persona Hernández, Iván
Término indicativo de función/relación ed.
9 (RLIN) 48303
830 #0 - PUNTO DE ACCESO ADICIONAL DE SERIE-TÍTULO UNIFORME
Título uniforme Cara y Cruz;
9 (RLIN) 48304
Holdings
Estado de retiro Estado de pérdida Restricciones de uso No para préstamo Código de colección Localización permanente Ubicación/localización actual Ubicación en estantería Fecha de adquisición Número de inventario Total de préstamos Signatura topográfica completa Código de barras Fecha visto por última vez Precio válido a partir de Tipo de ítem Koha
      Excluido de préstamo Monografías: Libros y Folletos General General En catalogación 07.12.2010 LF1   A863.2 E18m 23441-10 25.06.2020 25.06.2020 No se presta

Powered by Koha